000 01027cam a2200301 i 4500
001 307702
003 EG-ScBUE
005 20241003111641.0
008 731116t1974 nyua f 001 0 eng d
020 _a070022453X
040 _aDLC
_beng
_erda
_cDLC
_dDLC
_dEG-ScBUE
082 0 4 _a515
_bBUR
_222
100 1 _aBurrowes, Theodore C.,
_eauthor.
_97675
245 1 0 _aElementary functions :
_ban algorithmic approach /
_cTheodore C. Burrowes, College of Wooster and Sharon K. Burrowes.
264 1 _aNew York ;
_aLondon :
_bIntext Educational Publishers,
_c[1974]
264 4 _cc1974
300 _axix, 484 pages :
_billustrations ;
_c26 cm.
336 _2rdacontent
_atext
_btxt
337 _aunmediated
_2rdamedia
_bn
338 _avolume
_bnc
_2rdacarrier
490 0 _aThe Intext series in mathematics
500 _aIncludes index.
650 7 _aFunctions.
_2BUEsh
_97676
650 7 _aFunctions
_xData processing.
_2BUEsh
_97677
655 _vReading book
700 1 _aBurrowes, Sharon K.,
_eauthor.
_97678
942 _2ddc
_cBB
999 _c12230
_d12230